Rent review under the Arbitration Act 1996. (Record no. 60441)

MARC details
000 -LEADER
fixed length control field 00723cam a2200181 4500
001 - CONTROL NUMBER
control field ABS60795
008 - FIXED-LENGTH DATA ELEMENTS--GENERAL INFORMATION
fixed length control field 000000n1999 000 0 eng u
035 ## - SYSTEM CONTROL NUMBER
System control number (Sirsi) u101290
100 ## - MAIN ENTRY--PERSONAL NAME
Personal name Butler, R.
245 ## - TITLE STATEMENT
Title Rent review under the Arbitration Act 1996.
260 ## - PUBLICATION, DISTRIBUTION, ETC.
Date of publication, distribution, etc. 1999
490 ## - SERIES STATEMENT
Series statement Rent Review & Lease Renewal
Volume/sequential designation (2) June 1999, 67-79(13)
520 ## - SUMMARY, ETC.
Summary, etc. The second part of an article looking at rent reviews and the 1996 Arbitration Act. Reviews arbitration procedures, the support of arbitrators by the court, the award, costs and appealing against a rent review award. (For Part 1, see ABS60519).
650 ## - SUBJECT ADDED ENTRY--TOPICAL TERM
Topical term or geographic name entry element RENT REVIEW
650 ## - SUBJECT ADDED ENTRY--TOPICAL TERM
Topical term or geographic name entry element LEGISLATION
690 ## - LOCAL SUBJECT ADDED ENTRY--TOPICAL TERM (OCLC, RLIN)
Topical term or geographic name as entry element LANDLORD AND TENANT-RENT REVIEWS
942 ## - ADDED ENTRY ELEMENTS (KOHA)
Suppress in OPAC 0
Holdings
Withdrawn status Lost status Source of classification or shelving scheme Damaged status Not for loan Home library Current library Shelving location Date acquired Total Checkouts Full call number Barcode Date last seen Copy number Price effective from Koha item type
    Dewey Decimal Classification     London London Journal article 03/11/1999   ABS60795 101290-1001 06/08/2019 1 06/08/2019 Journal article